|
|
|
|
| LEADER |
00000nab a2200000 a 4500 |
| 001 |
vtls010712652 |
| 003 |
SK-MaSNL |
| 005 |
20260304190533.0 |
| 008 |
250709s2001 xo |||||||||||||||||slo| |
| 035 |
|
|
|a (urnnbn)urn:nbn:sk:snk:ar-a048hy
|
| 035 |
|
|
|a (uuid)2d83ae13-e638-41ab-9607-b1179227ba0f
|
| 035 |
|
|
|a urn:nbn:sk:snk-ab3fj3
|
| 040 |
|
|
|a SNKBUCL
|b slo
|c SNKBUCL
|e AACR2
|
| 041 |
0 |
|
|a eng
|
| 044 |
|
|
|a xo
|c SK
|
| 100 |
1 |
|
|a Asaro, Carmelo
|4 aut
|9 1521767
|
| 245 |
1 |
0 |
|a THE DAEDALUS SYSTEM: A TOOL FOR THE ITALIAN INVESTIGATING MAGISTRATE AND THE PROSECUTOR. A SAMPLE SESSION: INVESTIGATING AN EXTORTION CASE
|c Carmelo Asaro, Ephraim Nissan, Antonio A. Martino
|
| 700 |
1 |
|
|a Nissan, Ephraim
|4 aut
|9 1145694
|
| 700 |
1 |
|
|a Martino, Antonio A.
|4 aut
|9 1521768
|
| 773 |
0 |
|
|t Computing and informatics
|g Roč. 20, č. 6 (2001), s. [515]-554
|
| 850 |
|
|
|a Slovenská národná knižnica
|
| 852 |
|
|
|a Slovenská národná knižnica
|
| 958 |
|
|
|a article1
|
| 958 |
|
|
|a OND
|
| 958 |
|
|
|a EUIPO
|
| 999 |
|
|
|c 3050621
|d 3052551
|